Návody k laboratorním cvičením z technické fyziky

Bibliographic Details
Format: Book
Language:Undetermined
PhysicalDescription:286 s.
Published: Praha Vys. škola chemicko-technologická 1981

MARC

LEADER 00000nam a2200000 a 4500
001 vtls001267181
003 SK-MaSNL
005 20260223213654.0
008 210928s1981 xx 0 und
035 |a SNK000218151 
040 |a SNK  |b slo  |c SNK  |e AACR2 
245 1 |a Návody k laboratorním cvičením z technické fyziky 
260 |a Praha  |b Vys. škola chemicko-technologická  |c 1981 
300 |a 286 s. 
958 |a OND 
999 |c 712752  |d 714682 
952 |t P60, <04>, [BOOK], {604}  |a SNK  |b SNK  |y VYP  |7 0  |p 17A0020278  |o snkIB 46165 D1  |0 0  |1 1  |4 0  |d 1996-11-22  |l 0  |r 2005-01-01 00:00:00  |w 2026-02-23